000 00864nam a2200325Ia 4500
001 Z_2424
003 CHAP
008 220113s1993 xx 000 0 und d
010 _a165478
040 _cCHAP
082 _a338.18 K7
100 _aKraemer Bayer, Gabriela
_963837
245 _aUtopía en el agro-mexicano : cuarenta proyectos de desarrollo en áreas marginadas /
_cpor Gabriela Kraemer Bayer
260 _aChapingo, Méx. :
_bUACH,
_c1993
300 _a582 p.
440 _a
500 _a
503 _a
650 _aAgricultura
_xInvestigación
_91577
650 _aAgricultura
_xPlaneación
_9137222
650 _aDesarrollo rural
_932067
650 _aPlaneación regional I. UACH
_9139339
650 _aUtopía
_9117113
901 _a338.18 K7
902 _aA
910 _a1993
942 _c1
942 _cc1
999 _c165478
_d165478